[Event "NRW-ch U18 Girls"]
[Site "Kranenburg"]
[Date "2009.04.13"]
[Round "1"]
[White "Stroessner, Lena"]
[Black "Jansen, Nina"]
[Result "1-0"]
[WhiteElo "1989"]
[BlackElo "1314"]
[PlyCount "47"]
[EventDate "2009.04.13"]
[EventType "swiss"]
[EventRounds "7"]
[EventCountry "GER"]
[SourceTitle "EXT 2010"]
[Source "ChessBase"]
[SourceDate "2010.11.25"]
[SourceVersion "1"]
[SourceVersionDate "2010.11.25"]
[SourceQuality "1"]

1. Nf3 Nf6 2. c4 e6 3. d4 d5 4. g3 Be7 5. Bg2 0-0 6. 0-0 dxc4 7. Ne5 Bd7 8. Bxb7 Bc6 9. Nxc6 Nxc6 10. Bxc6 Rb8 11. Nc3 h6 12. Bg2 c6 13. Bxc6 Nd5 14. Bxd5 exd5 15. Qc2 Bg5 16. Bxg5 Qxg5 17. Rad1 Rbd8 18. Qa4 Rb8 19. b3 cxb3 20. axb3 Qe7 21. e3 Qb7 22. Ra1 Rfc8 23. Rfc1 Rc7 24. Qa5 1-0

[Event "NRW-ch U16 Girls"]
[Site "Kranenburg"]
[Date "2008.03.25"]
[Round "2"]
[White "Jansen, Nina"]
[Black "Aydogan, Uelger"]
[Result "1-0"]
[WhiteElo "1028"]
[BlackElo "937"]
[PlyCount "102"]
[EventDate "2008.03.24"]
[EventType "swiss"]
[EventRounds "7"]
[EventCountry "GER"]
[SourceTitle "EXT 2009"]
[Source "ChessBase"]
[SourceDate "2008.11.26"]
[SourceVersion "1"]
[SourceVersionDate "2008.11.26"]
[SourceQuality "1"]

1. e4 e5 2. Nf3 Nc6 3. Bc4 Be7 4. d4 Nxd4 5. Nxd4 exd4 6. Qxd4 Bf6 7. e5 Qe7 8. 0-0 c5 9. exf6 Nxf6 10. Qh4 d5 11. Bb5+ Bd7 12. Bxd7+ Kxd7 13. Qh3+ Qe6 14. Qxe6+ fxe6 15. Na3 a5 16. c4 Kc6 17. cxd5+ exd5 18. Re1 Rae8 19. Bf4 Rxe1+ 20. Rxe1 Re8 21. Rc1 b6 22. Nc2 Re4 23. Bg5 Nd7 24. f3 Rc4 25. b3 Rc3 26. Bd2 Rd3 27. Nb4+ Kb5 28. Nxd3 a4 29. bxa4+ Kxa4 30. Rc3 Kb5 31. Nf4 Nf6 32. Ne6 d4 33. Rb3+ Kc6 34. Nd8+ Kc7 35. Ne6+ Kc6 36. Ra3 Nd5 37. Ra8 Kd7 38. Nxg7 Kc7 39. Ra7+ Kc6 40. Ne6 Nc3 41. a4 Kd6 42. Ng5 b5 43. Ne4+ Nxe4 44. fxe4 bxa4 45. Bf4+ Ke6 46. Ra6+ Kd7 47. e5 d3 48. Rxa4 Ke6 49. Ra6+ Kd7 50. Rd6+ Ke7 51. Bg5+ Kf7 1-0

[Event "NRW-ch U16 Girls"]
[Site "Kranenburg"]
[Date "2008.03.24"]
[Round "1"]
[White "Micklich, Rahel"]
[Black "Jansen, Nina"]
[Result "1-0"]
[WhiteElo "1615"]
[BlackElo "1028"]
[PlyCount "37"]
[EventDate "2008.03.24"]
[EventType "swiss"]
[EventRounds "7"]
[EventCountry "GER"]
[SourceTitle "EXT 2009"]
[Source "ChessBase"]
[SourceDate "2008.11.26"]
[SourceVersion "1"]
[SourceVersionDate "2008.11.26"]
[SourceQuality "1"]

1. d4 d5 2. c4 dxc4 3. e4 e6 4. Bxc4 g6 5. Nc3 Bg7 6. Nf3 Ne7 7. Be3 0-0 8. 0-0 Nbc6 9. Qd2 e5 10. d5 Na5 11. Be2 b6 12. Rac1 c6 13. d6 Nf5 14. exf5 Bxf5 15. Bh6 Bxh6 16. Qxh6 Qf6 17. g4 Bxg4 18. Ng5 Qh8 19. Bxg4 1-0

[Event "NRW-ch U14 Girls"]
[Site "Kranenburg"]
[Date "2005.03.31"]
[Round "5"]
[White "Jansen, Nina"]
[Black "Norget, Julia"]
[Result "0-1"]
[WhiteElo "782"]
[BlackElo "813"]
[PlyCount "66"]
[EventDate "2005.03.28"]
[EventType "swiss"]
[EventRounds "7"]
[EventCountry "GER"]
[SourceTitle "CBM 105 Extra"]
[Source "ChessBase"]
[SourceDate "2005.05.01"]
[SourceVersion "1"]
[SourceVersionDate "2005.05.01"]
[SourceQuality "1"]

1. d4 Nc6 2. Nf3 Nf6 3. Nc3 d5 4. Bf4 Bf5 5. e3 a6 6. Be2 e6 7. 0-0 Bb4 8. a3 Bd6 9. Bxd6 cxd6 10. Nh4 Ne4 11. Nxf5 exf5 12. g3 0-0 13. f3 Ng5 14. f4 Ne4 15. Bd3 Re8 16. Nxd5 Nf6 17. Bxf5 Nxd5 18. e4 Ne3 19. Bxh7+ Kxh7 20. Qh5+ Kg8 21. Rfe1 Nxc2 22. d5 Na5 23. Rac1 Nxe1 24. Rxe1 Qb6+ 25. Kg2 Qxb2+ 26. Kh3 Qxa3 27. Qg4 Qb4 28. f5 Qxe1 29. f6 g6 30. Qg5 Qxe4 31. Qh6 Qf5+ 32. Kg2 Re2+ 33. Kh1 Qf1# 0-1

[Event "Regionalliga West 0304 (Women)"]
[Site "Germany"]
[Date "2004.03.14"]
[Round "5.4"]
[White "Brebeck, Cornelia"]
[Black "Jansen, Nina"]
[Result "1-0"]
[WhiteElo "1376"]
[BlackElo "810"]
[PlyCount "59"]
[EventDate "2003.10.26"]
[EventType "team"]
[EventRounds "5"]
[EventCountry "GER"]
[SourceTitle "EXT 2006"]
[Source "ChessBase"]
[SourceDate "2005.11.24"]
[SourceVersion "1"]
[SourceVersionDate "2005.11.24"]
[SourceQuality "1"]
[WhiteTeam "Duesseldorf SV (W)"]
[BlackTeam "Oberhausen (W)"]
[WhiteTeamCountry "GER"]
[BlackTeamCountry "GER"]

1. d4 d5 2. Bf4 Bf5 3. Nf3 Nc6 4. c3 Nf6 5. h3 e6 6. e3 Be7 7. Bb5 0-0 8. Nbd2 a6 9. Be2 Ne4 10. 0-0 Nf6 11. Ne5 Nh5 12. Bxh5 g6 13. Bg4 Bd6 14. Nxc6 bxc6 15. Bh6 Re8 16. Bf4 Bf8 17. Re1 Bxg4 18. Qxg4 h5 19. Qf3 g5 20. Be5 c5 21. Qxh5 Bg7 22. Bxg7 Kxg7 23. Nf3 Rb8 24. Nxg5 Rh8 25. Qxf7+ Kh6 26. Nxe6 Qg8 27. Qf6+ Qg6 28. Qxg6+ Kxg6 29. Rab1 Rhg8 30. Nxc7 1-0

[Event "Regionalliga West 0304 (Women)"]
[Site "Germany"]
[Date "2004.02.29"]
[Round "4.4"]
[White "Jansen, Nina"]
[Black "Van Orsouw, Svenja"]
[Result "0-1"]
[WhiteElo "810"]
[BlackElo "1370"]
[PlyCount "58"]
[EventDate "2003.10.26"]
[EventType "team"]
[EventRounds "5"]
[EventCountry "GER"]
[SourceTitle "EXT 2006"]
[Source "ChessBase"]
[SourceDate "2005.11.24"]
[SourceVersion "1"]
[SourceVersionDate "2005.11.24"]
[SourceQuality "1"]
[WhiteTeam "Oberhausen (W)"]
[BlackTeam "Heinsberg (W)"]
[WhiteTeamCountry "GER"]
[BlackTeamCountry "GER"]

1. d4 Nf6 2. Nf3 g6 3. Nc3 c6 4. Bg5 Bg7 5. e3 d5 6. Bd3 Nbd7 7. 0-0 Nh5 8. Ne2 Qc7 9. Nf4 Ndf6 10. g3 h6 11. Bh4 g5 12. Nxh5 Nxh5 13. Nxg5 hxg5 14. Bxg5 Qd6 15. Bh4 Bf6 16. Bxf6 Qxf6 17. b4 Qh6 18. h4 Qg7 19. Qf3 Nf6 20. b5 Rxh4 21. Qg2 Bh3 22. Qh2 Rh6 23. Rae1 Qh8 24. a4 Bxf1 25. Bxf1 Rxh2 26. f4 Ng4 27. Bg2 Rh1+ 28. Bxh1 Qh2+ 29. Kf1 Qf2# 0-1